Wangian bukit peranginan /

Bibliographic Details
Main Author: Zaharah Nawawi
Format: Book
Published: Kuala Lumpur: Dewan Bahasa dan Pustaka, 2002.
Subjects:
LEADER 00519cam a2200181 7i4500
001 0000017064
005 20151104090000.0
005 ##20151104120600.0
003 ##MY-KlINT
020 # # |a 9836270469  
039 # 9 |y 201511041206  |z VLOAD 
090 0 0 |a 899.23301   |b ZAH 
100 1 # |a Zaharah Nawawi 
245 1 0 |a Wangian bukit peranginan /   |c oleh Zaharah Nawawi. 
260 # # |a Kuala Lumpur:   |b Dewan Bahasa dan Pustaka,   |c 2002. 
300 # # |a x1v,360p.:   |b ill.;   |c 19cm. 
650 # 0 |a Malay fiction  
650 # 0 |a Short stories,malay --   |x collections